Guru Nanak: (Record no. 181675)

MARC details
000 -LEADER
fixed length control field 00473nam a22001577a 4500
005 - DATE AND TIME OF LATEST TRANSACTION
control field 20210930124843.0
010 ## - LCCN (DPL NO)
LC control number EN230921
020 ## - INTERNATIONAL STANDARD BOOK NUMBER
International Standard Book Number 9789389467512
Terms of availability 350.00
037 ## - SOURCE OF ACQUISITION
Source of stock number/acquisition Sahitya Akademi
245 ## - TITLE STATEMENT
Title Guru Nanak:
Remainder of title a reader /
Statement of responsibility, etc edited by Tejwant Singh Gill
260 ## - PUBLICATION, DISTRIBUTION, ETC. (IMPRINT)
Place of publication, distribution, etc New Delhi
Name of publisher, distributor, etc Sahitya Akademi
Date of publication, distribution, etc 2021
270 ## - ADDRESS
Address Rabindra Bhavan, 35, Ferozshah Road
City New Delhi
Postal code 110001
300 ## - PHYSICAL DESCRIPTION
Extent xxx, 229p.
Dimensions 25cm(Hb)
700 ## - ADDED ENTRY--PERSONAL NAME
Personal name Gill, Tejwant Singh
942 ## - ADDED ENTRY ELEMENTS (KOHA)
Source of classification or shelving scheme Dewey Decimal Classification
Item type English Books
Call number suffix GUR

No items available.


© Delhi Public Library
Hit Counter
free hit counter